Spy X Family - Personnages par photo - Statistiques

Statistiques générales
  • Ce quiz a été pris 601 fois
    161 depuis la dernière actualisation
  • Le résultat moyen est 10 sur 16
Statistiques - réponses
Par images Réponse % Correct
Anya Forger
100%
Twilight / Loid Forger
98%
Yor Forger / Princesse Ibara
97%
Bond
90%
Damian Desmond
85%
Yuri Briar
81%
Becky Blackwell
79%
Nocturna / Fiona Frost
63%
Franky Franklin
59%
Donovan Desmond
48%
Handler / Sylvia Sherwood
36%
Emile Elman
32%
Melinda Desmond
32%
Henry Henderson
29%
Ewen Egeburg
28%
Demetrius Desmond
20%
Aucun quiz correspondant
Distribution des résultats
% des personnes avec chaque résultat
Percentile par nombre de réponses
Votre historique - résultats
Vous n’avez pas pris ce quiz depuis la dernière actualisation